000 00647nam a22002297a 4500
003 UA-OsUOA
001 125424
007 ta
008 20170918b un ||||| |||| 00| 0 ukr d
100 _aБрант С.
090 _a821.161.1
_bБ87
942 _cBK
040 _aUA-OsUOA
_brus
_cUA-OsUOA
_dUA-OsUOA
245 _aКорабль дураков
_bизбранные сатиры
300 _a270 с.
955 _a3
041 _arus
080 _a821.161.1
260 _aМ.
_bХудожественная литература
_c1984
650 7 _a82 Література. Літературознавство
_2UDC
999 _c412687
_d412687